000 00355nam a2200145Ia 4500
008 150201s2011 xx 000 0 und d
082 _a611
_bA11K
100 _aKAZI, SHOUKAT , N.
245 _aEXAM- ORIENTED AMATOMY-ABOVE DIAPHRAGM
250 _a1ST
260 _bCBS
_aDELHI
_c2011
300 _a1-388
650 _aHUMAN ANATOMY
942 _2ddc
_cBK
_068
999 _c1312
_d1312